banner koha

Levantamento de banco de sementes e de flora daninha emergente no manejo integrado de plantas daninhas, em lavouras de soja no Parana - 95/96 (Registro n. 289244)

MARC details
000 -LÍDER
campo de controle de tamanho fixo 01205nac a22003857a 4500
001 - NÚMERO DE CONTROLE
campo de controle BR9801863
003 - IDENTIFICADOR DO NÚMERO DE CONTROLE
campo de controle BR-BrBNA
005 - DATA E HORÁRIO DA ÚLTIMA TRANSAÇÃO
campo de controle 20240105122116.0
008 - CAMPO DE DADOS FIXOS--INFORMAÇÃO GERAL
campo de controle de tamanho fixo 230509b bl.|||m| |||| 00| 0 por d
040 ## - FONTE DA CATALOGAÇÃO
Instituição da catalogação original BR-BrBNA
Idioma da catalogação por
Instituição que transcreveu o registro Biblioteca Nacional de Agricultura
072 ## - CÓDIGO DE CATEGORIA DE ASSUNTO
Código de Categoria de Assunto H60; F03
090 ## - NÚMERO DE CHAMADA LOCAL
Número de chamada 0336 BR9801863
100 1# - ENTRADA PRINCIPAL--NOME PESSOAL
Nome pessoal Voll, E.
100 1# - ENTRADA PRINCIPAL--NOME PESSOAL
Nome pessoal Domit, L.A.
100 1# - ENTRADA PRINCIPAL--NOME PESSOAL
Nome pessoal Gazziero, D.L.P.
100 1# - ENTRADA PRINCIPAL--NOME PESSOAL
Nome pessoal Rodrigues, B.N.
100 1# - ENTRADA PRINCIPAL--NOME PESSOAL
Nome pessoal Adegas, F.S.
100 1# - ENTRADA PRINCIPAL--NOME PESSOAL
Nome pessoal Costa, J.M. da
100 1# - ENTRADA PRINCIPAL--NOME PESSOAL
Nome pessoal Wobeto, C.
100 1# - ENTRADA PRINCIPAL--NOME PESSOAL
Nome pessoal Vicente, D.
110 1# - ENTRADA PRINCIPAL--NOME CORPORATIVO
Nome corporativo ou nome da jurisdição Centro Nacional de Pesquisa de Soja, Londrina, PR (Brasil)
9 (RLIN) 1793
245 1# - TÍTULO
Título Levantamento de banco de sementes e de flora daninha emergente no manejo integrado de plantas daninhas, em lavouras de soja no Parana - 95/96
260 3# - PUBLICAÇÃO, DISTRIBUIÇÃO, ETC.
Local de publicação, distribuição, etc. Londrina, PR (Brasil):
Data da publicação, distribuição, etc. 1997.
300 ## - DESCRIÇÃO FÍSICA
Extensão 6 p.
490 ## - TÍTULO DA SÉRIE
Título da série Pesquisa em Andamento - Centro Nacional de Pesquisa de Soja (Brazil)
Número do volume ou designação sequencial da série no. 18
ISSN - International Standard Serial Number ISSN 0100-7306
500 ## - NOTA GERAL
Nota geral 9 ref.
650 ## - ASSUNTO--TERMO TÓPICO
Cabeçalho tópico ou nome geográfico Soja
650 ## - ASSUNTO--TERMO TÓPICO
Cabeçalho tópico ou nome geográfico Semente
650 ## - ASSUNTO--TERMO TÓPICO
Cabeçalho tópico ou nome geográfico Erva Daninha
650 ## - ASSUNTO--TERMO TÓPICO
Cabeçalho tópico ou nome geográfico Flora
650 ## - ASSUNTO--TERMO TÓPICO
Cabeçalho tópico ou nome geográfico Emergencia
650 ## - ASSUNTO--TERMO TÓPICO
Cabeçalho tópico ou nome geográfico Herbicida
909 ## -
-- 202312
-- Lúcia Elande
-- 55
-- Lúcia Elande
942 ## - ELEMENTOS DE ENTRADA ADICIONADOS (KOHA)
Fonte da classificação ou esquema de arquivamento na estante Classificação AGRIS
Ocultar no OPAC Não
Tipo de material Koha Monografia Seriada
Exemplares
Situação do descarte Fonte da classificação ou esquema de arquivamento na estante Situação física Não pode ser emprestado Coleção Biblioteca de origem Biblioteca atual Localização na estante Total de empréstimos Número de telefone completo Código de barras Data de último acesso Tipo de material Koha Fonte de aquisição
  Classificação AGRIS       Biblioteca Nacional de Agricultura - Binagri Biblioteca Nacional de Agricultura - Binagri Agrobase - Acervo Geral   0336 BR9801863 0336 BR9801863 18/12/2023 Monografia Seriada Portaria Interministerial nº 164/94

BINAGRI

Telefone: (61)3218-2567/2388/3357/2097 - binagri@agro.gov.br

Ministério da Agricultura e Pecuária , Esplanada dos Ministérios, Bloco D, Anexo B, Brasília/DF, CEP: 70.043-900